000 00773cam a22002413a 4500
001 15890
003 PGUSA
005 20140828083335.0
008 050524s2005||||xxu|||||s|||||000 | eng d
040 _aPGUSA
_beng
042 _adc
050 4 _aDT
100 1 _aRohlfs, Gerhard,
_d1831-1896
245 1 0 _aMein erster Aufenthalt in Marokko und Reise südlich vom Atlas durch die Oasen Draa und Tafilet.
_h[electronic resource] /
_cGerhard Rohlfs
260 _bProject Gutenberg,
_c2005
506 _aPublic domain in the USA.
516 _aElectronic text
653 _aAfrica, North -- Description and travel
653 _aMorocco -- Description and travel
830 0 _aProject Gutenberg
_v15890
856 4 0 _uhttp://www.gutenberg.org/ebooks/15890
942 _cEB
999 _c245145
_d245145